[Event "Fortaleza Schoonenborch op 10th"]
[Site "Fortaleza"]
[Date "2024.02.18"]
[Round "5"]
[White "Farias, Luiz Jadir Pinto"]
[Black "Dos Santos, Antonio G Rodrigu"]
[Result "0-1"]
[WhiteElo "1359"]
[BlackElo "1695"]
[PlyCount "56"]
[EventDate "2024.02.15"]
[EventType "swiss"]
[EventRounds "6"]
[EventCountry "BRA"]
[SourceTitle "CB08_2024"]
[SourceDate "2024.02.21"]
[SourceVersion "1"]
[SourceVersionDate "2024.02.21"]
[SourceQuality "1"]

1. d4 f5 2. b3 Nf6 3. Bb2 e6 4. Nf3 d5 5. Nbd2 Bd6 6. Ne5 0-0 7. e3 Nbd7 8. Ndf3 Ne4 9. Nxd7 Bxd7 10. Ne5 Bb4+ 11. c3 Nxc3 12. Qd2 Nxa2 13. Rxa2 Bxd2+ 14. Kxd2 Qe8 15. Be2 Bb5 16. Bf3 f4 17. Ba3 fxe3+ 18. fxe3 Rf5 19. Rc2 c6 20. h4 Rxe5 21. dxe5 Qg6 22. Rc3 Qg3 23. Bd6 a5 24. Rh3 Qf2+ 25. Kc1 a4 26. Bc5 Qe1+ 27. Kb2 axb3 28. Ba3 Bc4 0-1

[Event "Fortaleza Schoonenborch op 10th"]
[Site "Fortaleza"]
[Date "2024.02.16"]
[Round "2"]
[White "Dos Santos, Antonio G Rodrigu"]
[Black "Lima, Ricardo Almeida"]
[Result "1-0"]
[WhiteElo "1695"]
[BlackElo "1776"]
[PlyCount "85"]
[EventDate "2024.02.15"]
[EventType "swiss"]
[EventRounds "6"]
[EventCountry "BRA"]
[SourceTitle "CB08_2024"]
[SourceDate "2024.02.21"]
[SourceVersion "1"]
[SourceVersionDate "2024.02.21"]
[SourceQuality "1"]

1. Nf3 d5 2. b3 Nf6 3. Bb2 Nc6 4. e3 e5 5. Nxe5 Nxe5 6. Bxe5 Bg4 7. Be2 Bf5 8. Nc3 Bc5 9. 0-0 0-0 10. Bf3 c6 11. Ne2 Be4 12. Ng3 Bg6 13. Nh5 Be7 14. d4 Nxh5 15. Bxh5 Bf6 16. Bxg6 fxg6 17. Bg3 c5 18. c3 b6 19. Rc1 Bh4 20. Bxh4 Qxh4 21. dxc5 Rf5 22. Qd4 Qd8 23. c4 bxc5 24. Qxc5 dxc4 25. Qxc4+ Kh8 26. Rfd1 Qf8 27. Rc2 h6 28. Rcd2 Kh7 29. e4 Rg5 30. Rd5 Rc8 31. Qd3 Re8 32. Rxg5 hxg5 33. Qd5 g4 34. e5 Qf5 35. Re1 Rf8 36. Qd4 Qe6 37. Qxa7 Rf5 38. Qd4 Rh5 39. Qd6 Qf5 40. e6 Qg5 41. e7 Qh4 42. e8Q g3 43. Qdxg6# 1-0

[Event "Fortaleza Schoonenborch op"]
[Site "Fortaleza"]
[Date "2023.03.05"]
[Round "5"]
[White "Dos Santos, Antonio G Rodrigu"]
[Black "Lima, Alan Elkinson Lopes"]
[Result "1/2-1/2"]
[WhiteElo "1496"]
[BlackElo "1888"]
[PlyCount "80"]
[EventDate "2023.03.02"]
[EventType "swiss"]
[EventRounds "6"]
[EventCountry "BRA"]
[SourceTitle "CBM 213 Extra"]
[Source "ChessBase"]
[SourceDate "2023.05.31"]
[SourceVersion "1"]
[SourceVersionDate "2023.05.31"]
[SourceQuality "1"]

1. Nf3 d5 2. g3 Nc6 3. d3 e5 4. Bg2 Nf6 5. 0-0 Bc5 6. Nc3 Be7 7. e4 dxe4 8. dxe4 Qxd1 9. Rxd1 Bg4 10. Nd5 Nxd5 11. Rxd5 Rd8 12. c3 Be6 13. Rxd8+ Bxd8 14. Be3 f6 15. a4 a5 16. Bf1 Kf7 17. Bb5 Nb8 18. Nd2 c6 19. Bc4 Bc7 20. b4 Nd7 21. b5 Bb6 22. Bxe6+ Kxe6 23. bxc6 bxc6 24. Nc4 Bxe3 25. fxe3 Ra8 26. Kf2 Nc5 27. Kf3 Ra7 28. Rd1 Nxa4 29. Rd6+ Kf7 30. Rxc6 Ke7 31. Nb6 Nxb6 32. Rxb6 a4 33. Rb2 a3 34. Ra2 Kd6 35. Ke2 Kc5 36. Kd3 Rd7+ 37. Kc2 Ra7 38. Kb3 Rb7+ 39. Kc2 Ra7 40. Kb3 Rb7+ 1/2-1/2

[Event "Fortaleza Schoonenborch op"]
[Site "Fortaleza"]
[Date "2023.03.04"]
[Round "3"]
[White "Dos Santos, Antonio G Rodrigu"]
[Black "Gomes e Sousa, Nelson Fernando Ara"]
[Result "1-0"]
[WhiteElo "1496"]
[BlackElo "1782"]
[PlyCount "69"]
[EventDate "2023.03.02"]
[EventType "swiss"]
[EventRounds "6"]
[EventCountry "BRA"]
[SourceTitle "CBM 213 Extra"]
[Source "ChessBase"]
[SourceDate "2023.05.31"]
[SourceVersion "1"]
[SourceVersionDate "2023.05.31"]
[SourceQuality "1"]

1. Nf3 d5 2. g3 Nf6 3. d3 g6 4. Bg2 Bg7 5. Nbd2 0-0 6. 0-0 c5 7. e4 Nc6 8. c3 h6 9. e5 Nd7 10. d4 Qb6 11. Nb3 c4 12. Nbd2 Qa5 13. Nh4 e6 14. f4 b5 15. Ndf3 b4 16. Qc2 Rb8 17. Bd2 bxc3 18. Bxc3 Nb4 19. Bxb4 Qxb4 20. Nxg6 fxg6 21. Qxg6 Nb6 22. g4 Qe7 23. f5 Qf7 24. Qxf7+ Rxf7 25. f6 Bf8 26. g5 hxg5 27. Nxg5 Rc7 28. Rf3 Na4 29. Rg3 Rc6 30. Nxe6+ Kf7 31. Nd8+ Ke8 32. Nxc6 Rxb2 33. Bxd5 c3 34. e6 Bxe6 35. Bxe6 1-0

[Event "Fortaleza Schoonenborch op"]
[Site "Fortaleza"]
[Date "2023.03.03"]
[Round "2"]
[White "Moreira, Mario Wedney De Lim"]
[Black "Dos Santos, Antonio G Rodrigu"]
[Result "0-1"]
[WhiteElo "1380"]
[BlackElo "1496"]
[PlyCount "65"]
[EventDate "2023.03.02"]
[EventType "swiss"]
[EventRounds "6"]
[EventCountry "BRA"]
[SourceTitle "CBM 213 Extra"]
[Source "ChessBase"]
[SourceDate "2023.05.31"]
[SourceVersion "1"]
[SourceVersionDate "2023.05.31"]
[SourceQuality "1"]

1. e4 d6 2. d4 Nf6 3. Bd3 g6 4. Nf3 Bg7 5. 0-0 0-0 6. Bg5 h6 7. Bh4 g5 8. Nxg5 hxg5 9. Bxg5 Nh7 10. Bh4 Qd7 11. e5 Qg4 12. Bxh7+ Kxh7 13. Qxg4 Bxg4 14. Bxe7 Re8 15. exd6 cxd6 16. Bxd6 Bxd4 17. c3 Bg7 18. Na3 Nc6 19. Nb5 Re2 20. b4 a6 21. Nc7 Rd8 22. Bg3 Bxc3 23. Rab1 Rxa2 24. b5 axb5 25. Nxb5 Ba5 26. f3 Bf5 27. Rbc1 Bd3 28. Nd6 Bxf1 29. Kxf1 Rd7 30. Rc5 Bb4 31. Rd5 Bxd6 32. Bxd6 Ne7 33. Re5 0-1

[Event "Fortaleza Costa Memorial"]
[Site "Fortaleza"]
[Date "2015.11.28"]
[Round "4"]
[White "Dos Santos, Antonio G Rodrigu"]
[Black "Correia, Aristoteles de Jesu"]
[Result "0-1"]
[WhiteElo "1773"]
[BlackElo "1729"]
[PlyCount "66"]
[EventDate "2015.11.26"]
[EventType "swiss"]
[EventRounds "5"]
[EventCountry "BRA"]
[SourceTitle "CBM 169 Extra"]
[Source "ChessBase"]
[SourceDate "2015.12.18"]
[SourceVersion "1"]
[SourceVersionDate "2015.12.18"]
[SourceQuality "1"]

1. e4 d6 2. d4 Nf6 3. Nc3 g6 4. b3 Bg7 5. Nf3 0-0 6. Be2 Nbd7 7. Bb2 e5 8. d5 Nc5 9. Bd3 Nxd3+ 10. Qxd3 Nh5 11. Ne2 f5 12. 0-0-0 a5 13. a4 b5 14. Qxb5 Ba6 15. Qc6 Bxe2 16. Rdg1 fxe4 17. Nd2 Bh6 18. g4 Rxf2 19. gxh5 Bxd2+ 20. Kb1 Bxh5 21. h4 Qc8 22. Qc4 Bf3 23. h5 Bxh1 24. Rxh1 g5 25. Qxe4 Qf5 26. Qc4 Bb4 27. h6 Bc5 28. Rc1 Rb8 29. Re1 Rb4 30. Qc3 Rf3 31. Qd2 Rfxb3 32. Ka1 Rxa4+ 33. Kb1 Bd4 0-1